000 00896nmm a2200277 a 4500
001 ocm000924695
003 TR-IsHL
005 20201028145632.0
008 150110s2014 tu tur
007 cr cn
035 _a924695
_b(N$T)
050 0 4 _aPL230
_b.C463 2014
090 0 4 _aPL230
_b.C463 2014
100 1 _aCengiz, Gülsüm
245 1 0 _aTaş ve çiçek
_h[electronic resource] /
_cGülsüm Cengiz ; resimleyen Betül Gönüllü
250 _a2. bs.
260 _aİstanbul :
_bEvrensel Basım Yayın,
_c2014
300 _a18 p.
650 4 _aDil ve Edebiyat
650 4 _aLanguage and Literature
650 0 _aÇocuk edebiyatı
650 0 _aChildren literature
650 7 _aLITERARY CRITICISM / Children's Literature
_2bisacsh
700 1 _aGönüllü, Betül
856 4 0 _uhttp://search.ebscohost.com/login.aspx?direct=true&scope=site&db=e011xww&AN=924695
999 _c10052
_d10052